Switch in the red / (Registro nro. 4495)

Detalles MARC
000 -LEADER
fixed length control field 00862nam a2200229Ia 4500
003 - CONTROL NUMBER IDENTIFIER
control field OSt
005 - DATE AND TIME OF LATEST TRANSACTION
control field 20250505113034.0
008 - FIXED-LENGTH DATA ELEMENTS--GENERAL INFORMATION
fixed length control field 191128s2009 sp er 000 f spa d
020 ## - INTERNATIONAL STANDARD BOOK NUMBER
International Standard Book Number 9788423694211
040 ## - CATALOGING SOURCE
Original cataloging agency CO-JMCR
Transcribing agency CO-JMCR
041 ## - LANGUAGE CODE
Language code of text/sound track or separate title spa
082 ## - DEWEY DECIMAL CLASSIFICATION NUMBER
Classification number A-N
Item number VALs
100 ## - MAIN ENTRY--PERSONAL NAME
Personal name Vallejo, Susana,
Relator term autora
9 (RLIN) 10238
245 10 - TITLE STATEMENT
Title Switch in the red /
Statement of responsibility, etc. Susana Vallejo
250 ## - EDITION STATEMENT
Edition statement Primera edición
260 ## - PUBLICATION, DISTRIBUTION, ETC.
Place of publication, distribution, etc. Barcelona :
Name of publisher, distributor, etc. Edebé,
Date of publication, distribution, etc. 2009
300 ## - PHYSICAL DESCRIPTION
Extent 348 páginas :
Other physical details ilustraciones a blanco y negro ;
Dimensions 24 cm.
500 ## - GENERAL NOTE
General note Incluye datos biográficos de la autora en la solapa
520 ## - SUMMARY, ETC.
Summary, etc. Barcelona, finales del siglo XXI. Un asesinato en primera persona abre el telón a una obra coral por la que desfilan rebeldes antisistema, hackers, policías, políticos y trabajadores explotados.
650 14 - SUBJECT ADDED ENTRY--TOPICAL TERM
Topical term or geographic name entry element Novela española
9 (RLIN) 10239
942 ## - ADDED ENTRY ELEMENTS (KOHA)
Source of classification or shelving scheme Dewey Decimal Classification
Koha item type Books
Existencias
Withdrawn status Lost status Source of classification or shelving scheme Damaged status Not for loan Collection code Home library Current library Date acquired Source of acquisition Full call number Barcode Date last seen Copy number Koha item type
    Dewey Decimal Classification     Fiction Biblioteca Pública José María del Castillo y Rada Biblioteca Pública José María del Castillo y Rada 11/28/2019 Donación A-N VALs 201809357 11/28/2019 Ej.1 Books